| 000 | 00616nam a2200217Ia 4500 | ||
|---|---|---|---|
| 003 | IIN | ||
| 005 | 20250502110651.0 | ||
| 008 | 231217s2020 xx ad 001 0 eng d | ||
| 020 |
_cRs.550.00 _a9789386006103 |
||
| 040 |
_aIIN _bEmglish |
||
| 082 |
_a610.73071 _bCLE |
||
| 100 | 1 | _aClement, I. | |
| 245 | 1 |
_aTextbook on Communication & Educational Technology/ _cI. Clement |
|
| 250 | _a3rd ed | ||
| 260 |
_bEMMESS _aBangalore _c2020 |
||
| 300 | _axvi, 416p. | ||
| 500 | _aIncludes Index | ||
| 650 | 1 |
_aEducation _vTechnology _xNursing |
|
| 650 | 1 |
_aCommunication & Education _vTechnology _xNursing |
|
| 942 | _cBOOK | ||
| 999 |
_c1502 _d1502 |
||